Welcome to the Holygrace Academy Library

Please use search bar below to get started

TATAKI WINS AGAIN (Record no. 5611)

MARC details
000 -LEADER
fixed length control field 00244nam a22001097a 4500
020 ## - INTERNATIONAL STANDARD BOOK NUMBER
ISBN 978-84-264-2035-3
082 ## - DEWEY DECIMAL CLASSIFICATION NUMBER
Classification number 823
Item number BAD/T
100 ## - MAIN ENTRY--AUTHOR NAME
Personal name BADEYYA, BRAVEHEART
245 ## - TITLE STATEMENT
Title TATAKI WINS AGAIN
260 ## - PUBLICATION, DISTRIBUTION, ETC. (IMPRINT)
Place of publication KOTTAYAM
Name of publisher DC BOOKS
Year of publication 2008
942 ## - ADDED ENTRY ELEMENTS (KOHA)
Koha item type Books
Holdings
Withdrawn status Lost status Collection code Home library Current library Shelving location Date acquired Source of acquisition Cost, normal purchase price Full call number Accession Number Koha item type
    Fiction Main Library Main Library SHELF 4-D MYTHOLOGY 24/01/2019 Purchase 70.00 823 BAD/T 10638 Books